• 首页
  • 本馆介绍
  • 公告通知
  • 最新文献
  • 馆藏检索
  • 电子资源
  • 读者导购
  • 参考咨询
  • 我的图书馆
  • 登录
  • 详细信息显示
  • 放入我的书架
  • 预约/预借图书
  • 作者相关作品
  • 分类相关作品
  • 丛书相关作品
  • 出版社相关作品

书目信息

  • 表格格式
  • 工作单格式
  • 卡片格式
题名:
SolidWorks钣金件与焊件教程
    
 
作者: ;北京兆迪科技公司 编著
分册:  
出版信息: 北京   电子工业出版社  2018
页数: 260页
开本: 26cm
丛书名: SolidWorks认证工程师成长之路丛书
单 册:
中图分类: TG382-39 , TG409
科图分类:
主题词: 钣金工--ban jin gong--计算机辅助设计--应用软件--资格考试--自学参考资料 , 焊接--han jie--计算机辅助设计--应用软件--资格考试--自学参考资料
电子资源:
ISBN: 978-7-121-34043-7
000 01513nam 2200313 45
001 012001001821
005 20140109095129.0
010    @a978-7-121-34043-7@dCNY60.00
010    @a978-7-89394-375-1@b光盘
099    @aCAL 012018130983
100    @a20181022d2018 em y0chiy50 ea
101 0  @achi
102    @aCN@b110000
105    @aak z 000yy
106    @ar
200 1  @aSolidWorks钣金件与焊件教程@ASolidWorksban jin jian yu han jian jiao cheng@e2018中文版@f北京兆迪科技有限公司编著
210    @a北京@c电子工业出版社@d2018
215    @a260页@c图@d26cm@e光盘1片
225 2  @aSolidWorks认证工程师成长之路丛书@ASolidWorksren zheng gong cheng shi cheng zhang zhi lu cong shu
330    @a本书系统介绍了使用Solidworks 2018中文版进行钣金和焊件设计的过程、方法与技巧。全书分为两篇, 第一篇介绍钣金设计, 包括钣金设计入门、钣金法兰、折弯钣金体、钣金成形、钣金的其他处理方法、创建钣金工程图及钣金设计综合实例等内容; 第二篇介绍焊件设计, 包括焊件设计入门、结构构件、焊件的剪裁/延伸、顶端盖、圆角焊缝、焊件切割清单、焊件的加工处理、焊件工程图及焊件设计综合实例等内容。
410  0 @12001 @aSolidWorks认证工程师成长之路丛书
606 0  @a钣金工@Aban jin gong@x计算机辅助设计@x应用软件@x资格考试@j自学参考资料
606 0  @a焊接@Ahan jie@x计算机辅助设计@x应用软件@x资格考试@j自学参考资料
610 0  @aSolidWorks
690    @aTG382-39@v5
690    @aTG409@v5
711 02 @a北京兆迪科技公司@Abei jing zhao di ke ji gong si@4编著
801  0 @aCN@b北京卓展@c20191020
905    @b1202634-7@dTG382-39@e20@f4
    
    SolidWorks钣金件与焊件教程:2018中文版/北京兆迪科技有限公司编著.-北京:电子工业出版社,2018
    260页:图;26cm+光盘1片.-(SolidWorks认证工程师成长之路丛书)
    
    
    ISBN 978-7-121-34043-7:CNY60.00
    本书系统介绍了使用Solidworks 2018中文版进行钣金和焊件设计的过程、方法与技巧。全书分为两篇, 第一篇介绍钣金设计, 包括钣金设计入门、钣金法兰、折弯钣金体、钣金成形、钣金的其他处理方法、创建钣金工程图及钣金设计综合实例等内容; 第二篇介绍焊件设计, 包括焊件设计入门、结构构件、焊件的剪裁/延伸、顶端盖、圆角焊缝、焊件切割清单、焊件的加工处理、焊件工程图及焊件设计综合实例等内容。
●
相关链接 在E读中查询图书 在五车中查询图书 在当当中查询图书 在豆瓣中查询图书


正题名:SolidWorks钣金件与焊件教程     索取号:TG382-39/20         预约/预借

序号 登录号 条形码 馆藏地/架位号 状态 备注
1 1202634   212026341   第二样本阅览室/ [索取号:TG382-39/20] 在馆    
2 1202635   212026350   第三借阅区/ [索取号:TG382-39/20] 在馆    
3 1202636   212026369   第三借阅区/ [索取号:TG382-39/20] 在馆    
4 1202637   212026378   第三借阅区/ [索取号:TG382-39/20] 在馆    
唐山师范学院图书馆 欢迎您!
大连网信软件有限公司© 版权所有